000 00748nam a2200205 i 4500
001 165718
003 ES-MaACL
005 20250929063244.0
008 050905s1881 sp a | |||||||| ||spa d
040 _aCAM
_bspa
_cCAM
100 1 _aHetzel, Pierre-Jules,
_d1814-1886
_9140303
245 1 0 _aMaroussia
_b: Leyenda rusa /
_cpor P.J. Stahl; versión española de P. Sañudo Autran; ilustrada con grabados.
260 _aMadrid :
_bGaspar,
_c1881.
300 _a2 v. (53; 49 p. ) :
_bil. ;
_c29 cm.
490 1 _aBiblioteca Ilustrada de Gaspar Editores
700 1 _aSañudo Autrán, P.
_9132520
830 0 _aBiblioteca Ilustrada de Gaspar Editores
_9188565
852 _aES-MaACL
_jFol-Laf-56-57
_z-- Rúst.
999 _c165718
_d165718